Statistics for Political Geography: Europe

Click here to take the quiz!

General Stats

  • This quiz has been taken 99 times
  • The average score is 22 of 26

Answer Stats

HintAnswer% Correct
Which partially-recognized state is claimed by Serbia?Kosovo
100%
In 1992, Czechoslovakia was peacefully dissolved into which two present-day countries?Czech Republic
98%
The Autonomous Republic of Crimea, and parts the Donetsk, Luhansk, Kherson and Zaporizzhia Oblasts are under the de facto control of Russia, but are internationally recognized as parts of which country?Ukraine
98%
Name the country with an exclave that borders Lithuania, Poland, and the Baltic Sea.Russia
97%
Slovakia
97%
Vatican City
96%
Name the UN member state and the UN observer state that are completely surrounded by Italian territory.San Marino
95%
The Faroe Islands are a self-governing territory of which country?Denmark
94%
Isle of Man
91%
Svalbard and Jan Mayen are two unincorporated areas of which country?Norway
91%
Country in which the position of head of state is held jointly by the president of France and the bishop of the Roman Catholic diocese of Urgell.Andorra
90%
What British Overseas Territory is claimed by Spain?Gibraltar
88%
The autonomous area of Mount Athos lies within the recognized borders of which country?Greece
88%
Åland is a demilitarized and autonomous region of which country?Finland
86%
Name the country that has four semi-autonomous territories (called “constituent countries”) and three special municipalities in the Caribbean Sea.Netherlands
85%
Name one of Italy's five autonomous regions.Aosta Valley | Friuli-Venezia
Giulia | Sardinia | Sicily |
Trentino-Alto Adige/Südtirol
82%
Jersey
80%
Many UN member states do not recognize this country's president as the legitimate head of state as a result of a disputed election in 2020.Belarus
79%
The country that is a federation of three regions and three language communities.Belgium
74%
Name the three self-governing Crown Dependencies over which the United Kingdom has sovereignty.Guernsey
73%
Which country has an autonomous region called Vojvodina?Serbia
71%
Name the autonomous region of Portugal that sits above a junction of the African, Eurasian, and North American tectonic plates.Azores
70%
Which country has these two autonomous regions?
1. Autonomous Territorial Unit of Gagauzia
2. Administrative-Territorial Units of the Left Bank of the Dniester
Moldova
69%
Which country proper straddles two tectonic plates?Iceland
66%
What is the name of the de facto independent (but largely unrecognized) state that controls part of Moldova?Transnistria | Pridnestrovian
Moldavian Republic
63%
The country of Bosnia and Herzegovina comprises two constituent entities. One is the Federation of Bosnia and Herzegovina. What is the other?Serb Republic
46%

Score Distribution

Percentile by Number Answered

Percent of People with Each Score

Your Score History

You have not taken this quiz